Normal view MARC view

Entry Nombre personal

Number of records used in: 1

001 - NÚMERO DE CONTROL

  • campo de control: 242131

003 - IDENTIFICADOR DE NÚMERO DE CONTROL

  • campo de control: ES-MaACL

005 - FECHA Y HORA DE LA ÚLTIMA TRANSACCIÓN

  • campo de control: 20250828161220.0

008 - ELEMENTOS DE DATO DE LONGITUD-FIJA

  • campo de control de longitud fija: 250828|| aca||aabn | a|a d

040 ## - FUENTE DE CATALOGACIÓN

  • Centro catalogador/agencia de origen: ES-MaACL
  • Centro/agencia transcriptor: ES-MaACL

100 ## - ENCABEZAMIENTO-NOMBRE DE PERSONA

  • Nombre de persona: Martínez, Ginés

670 ## - FUENTE DE DATOS ENCONTRADOS

  • Cita de la fuente: Work cat.: (ES-MaACL)197712: López Díez, Víctor David 241219 aut, ¿Yo soy tu madre o tú eres la mía? / , 2016.